LEADER 01053nam a2200277 i 4500 001 000000156747 003 CaOOAMICUS 005 20211021165424.0 008 061213s1986 it u000 u ita u 013 $a134102 020 $a88-7644-035-6 040 $aSeMil$bita 100 1 $aSanavio, Piero.$0(OLS)http://semarc/name/61241 245 13$aLa gabbia di Ezra Pound /$cPiero Sanavio. 264 1$aMilano :$bLibri Scheiwiller,$c1986. 300 $a197 p., [1] c. di tav. :$bill. ;$c17 cm. 490 1 $aProsa ;$v7 600 14$aPound, Ezra <1885-1972>.$0(OLS)http://semarc/subject/22008 830 0$aProsa ;$v7.$0(OLS)http://semarc/title/22489 850 $aSeMil 852 $aSeMil$W1$xVenegono$y1$m1U I 34$j108496$B108496$CSeMilBibl$Z2$F118059 $81 961 $aOmaggio: Ciprandi dott. Paolo 996 $6020$a88-7644-035-6$9(OLS)http://semarc/number/146954 996 $6245$aLa gabbia di Ezra Pound$9(OLS)http://semarc/title/229793 996 $6264$aMilano :$bLibri Scheiwiller$9(OLS)http://semarc/publisher/29791 LEADER 01235nam a2200301 i 4500 001 000000162352 003 CaOOAMICUS 005 20080131000000.0 008 080131s1985 it u000 u ita u 013 $a139716 020 $a88-215-0916-8 040 $aSeMil$bita 100 1 $aBruin, Paul.$0(OLS)http://semarc/name/26549 240 10$aHier hat Gott gelebt.$0(OLS)http://semarc/title/145991 245 13$aLa Terra Santa /$cPaul Bruin e Fred Mayer ; introduzione di Gianfranco Ravasi. 260 $aTorino :$bPaoline,$ccopyr. 1985. 300 $a255 p. :$briccamente ill. ;$c31 cm. 500 $aIn custodia. - Fondo Card. Giovanni Colombo. 650 4$aTerra Santa - Guide.$0(OLS)http://semarc/subject/3882 700 1 $aMayer, Fred.$0(OLS)http://semarc/name/42958 700 1 $aRavasi, Gianfranco,$c.$0(OLS)http://semarc/name/244 850 $aSeMil 852 $aSeMil$W1$xVenegono$y1$m4Y VI 120$j113703$B113703$CSeMilBibl$Z2$F131472 $81 941 1 $a3 961 $aLascito: Colombo Card. Giovanni 996 $6020$a88-215-0916-8$9(OLS)http://semarc/number/78496 996 $6245$aLa Terra Santa$9(OLS)http://semarc/title/20252 996 $6260$aTorino :$bPaoline$9(OLS)http://semarc/publisher/31248 LEADER 00857nam a2200193 i 4500 001 000000247028 003 CaOOAMICUS 005 20151209000000.0 008 151209s1781 it u000 u ita u 013 $a225933 026 $a.*e. 0.e- r-n- diNO (3) 1781 (R) - [*= stella a 5 p.] 040 $aSeMil$bita 245 10$aAprile. 300 $a214, [2] p. 500 $aSegn. : A-T8/4 chi 1. - La chi1 contiene l'Errata. 773 0 $aMassini, Carlo $tSeconda raccolta di vite de' santi per ciaschedun giorno dell'anno, ovvero Appendice alla Raccolta delle vite de' santi. Si premette la vita della santissima Vergine Maria ..$dIn Roma : Dalla Stamperia Pagliarini, 1781.$g4$w()32889 850 $aSeMil 852 $aSeMil$W1$xVenegono$y1$m3H II 16 FA$j197374$B197374$CSeMilBibl$Z2$F208486 $8I 996 $6245$aAprile$9(OLS)http://semarc/title/271409 LEADER 00831nam a2200193 i 4500 001 000000247035 003 CaOOAMICUS 005 20151209000000.0 008 151209s1781 it u000 u ita u 013 $a225940 026 $ao..* 8.m. ,eli toiv (3) 1781 (R) [*= stella a 5 p.] 040 $aSeMil$bita 245 10$aDicembre. 300 $a327, [1] p. 500 $aSegn. : A-B8 C-2D4/8. 773 0 $aMassini, Carlo $tSeconda raccolta di vite de' santi per ciaschedun giorno dell'anno, ovvero Appendice alla Raccolta delle vite de' santi. Si premette la vita della santissima Vergine Maria ..$dIn Roma : Dalla Stamperia Pagliarini, 1781.$g12$w()32889 850 $aSeMil 852 $aSeMil$W1$xVenegono$y1$m3H II 24 FA$j197381$B197381$CSeMilBibl$Z2$F208494 $8I 996 $6245$aDicembre$9(OLS)http://semarc/title/271416 LEADER 01163nam a2200277 i 4500 001 000000221645 003 CaOOAMICUS 005 20130731000000.0 008 130731s2011 it u000 u ita u 013 $a200542 020 $a978-88-7018-822-6 040 $aSeMil$bita 100 1 $aChanial, Philippe.$0(OLS)http://semarc/name/77532 245 10$aHomo donator :$bcome nasce il legame sociale /$cPhilippe Chanial, Francesco Fistetti. 260 $aGenova :$bIl melangolo,$c2011. 300 $a110 p. ;$c20 cm. 490 0 $aOpuscula ;$v195 650 4$aDono - Aspetti socio-culturali.$0(OLS)http://semarc/subject/11940 700 1 $aFistetti, Francesco,$d<1949- >.$0(OLS)http://semarc/name/6078 830 0$aOpuscula ;$v195.$0(OLS)http://semarc/title/420504 850 $aSeMil 852 $aSeMil$W1$xVenegono$y1$m2O I 87$j171994$B171994$CSeMilBibl$Z2$F182953 $81 961 $aOmaggio: Conti don Ermenegildo 996 $6020$a978-88-7018-822-6$9(OLS)http://semarc/number/220734 996 $6245$aHomo donator :$bcome nasce il legame sociale$9(OLS)http://semarc/title/317751 996 $6260$aGenova :$bIl melangolo$9(OLS)http://semarc/publisher/30063 LEADER 01053nam a2200217 i 4500 001 000000238735 003 CaOOAMICUS 005 20150211000000.0 008 150211s1852 it u000 u ita u 013 $a217640 040 $aSeMil$bita 245 10$aVol. 1. 300 $a264 p. 490 0 $aNuova biblioteca popolare : ossia, raccolta di opere classiche antiche e moderne di ogni letteratura 490 0 $aNuova biblioteca popolare. Classe 3., Biografia ;$v17 773 0 $aLeti, Gregorio <1630-1704>$tVita di Sisto Quinto pontefice romano.$dTorino : Cugini Pomba e C., 1852.$kNuova biblioteca popolare. Classe 3., Biografia$g1$w()31371 830 0$aNuova biblioteca popolare : ossia, raccolta di opere classiche antiche e moderne di ogni letteratura.$0(OLS)http://semarc/title/33779 830 0$aNuova biblioteca popolare. Classe 3., Biografia ;$v17.$0(OLS)http://semarc/title/42654 850 $aSeMil 852 $aSeMil$W1$xVenegono$y1$m3D I 99 FA$j189081$B189081$CSeMilBibl$Z2$F199848 $8I 996 $6245$aVol. 1$9(OLS)http://semarc/title/13429 LEADER 00632nam a2200181 i 4500 001 000000103722 003 CaOOAMICUS 005 20011011000000.0 008 011011s1993 fr u000 u fre u 013 $a75900 040 $aSeMil$bita 245 10$aHerlet-Hubert. 300 $a1510 col. 773 0 $tDictionnaire d'histoire et de géographie ecclésiastiques.$dTurnhout : Brepols, 2015-$z978-2-7063-0157-5$gTome24$w()600 850 $aSeMil 852 $aSeMil$W1$xVenegono$y1$mSL1.Q V 24$j60174$B60174$CSeMilBibl$Z2$F44644 $8I 961 $aSottoscrizione: Casa editrice 996 $6245$aHerlet-Hubert$9(OLS)http://semarc/title/150531 LEADER 01040nam a2200241 4500 001 000000350824 003 CaOOAMICUS 005 20220706161532.0 008 220706s2006 it a 000 u ita r 020 $a88-418-3322-X 040 $aSeMil$bita 100 1 $aSantambrogio, Giovanni,$d<1952- >.$0(OLS)http://semarc/name/44745 245 10$aAnnunciazione :$ble più belle rappresentazioni nell'arte /$cGiovanni Santambrogio. 264 3$aNovara :$bDe Agostini,$c2006. 300 $a191 p. :$bill. ;$c23x29 cm 650 4$aPittura - Tema [dell'] Annunciazione.$0(OLS)http://semarc/subject/52603 850 $aSeMil 852 $aSeMil$W1$xVenegono$y1$m5E VI 24$j233564$B241864$CSeMilBibl$Z2$F241864 $81 961 $aCastagna don Enrico - Omaggio 996 $6020$a88-418-3322-X$9(OLS)http://semarc/number/296266 996 $6245$aAnnunciazione :$ble più belle rappresentazioni nell'arte$9(OLS)http://semarc/title/440643 996 $6264$aNovara :$bDe Agostini$9(OLS)http://semarc/publisher/31220